Statistics for Roman names for places

Click here to take the quiz!

General Stats

  • This quiz has been taken 16 times
  • The average score is 5 of 14

Answer Stats

Roman nameAnswer% Correct
GaulFrance
100%
HelvetiaSwitzerland
75%
Lutetia ParisiorumParis
75%
MediolanumMilan
56%
LugdunumLyon
44%
Columnae HerculisGibraltar
44%
AquincumBudapest
31%
HispalisSeville
19%
PataviumPadua
13%
Aelia CapitaloniaJerusalem
13%
ArgentoratumStrasbourg
6%
GratianopolisGrenoble
6%
DubrisDover
6%
EmonaLjubljana
6%

Score Distribution

Percentile by Number Answered

Percent of People with Each Score

Your Score History

You have not taken this quiz